<?xml version="1.0" encoding="UTF-8"?>
<record
    xmlns:xsi="http://www.w3.org/2001/XMLSchema-instance"
    xsi:schemaLocation="http://www.loc.gov/MARC21/slim http://www.loc.gov/standards/marcxml/schema/MARC21slim.xsd"
    xmlns="http://www.loc.gov/MARC21/slim">

  <leader>00966nam a22002297a 4500</leader>
  <controlfield tag="005">20170124103155.0</controlfield>
  <datafield tag="010" ind1=" " ind2=" ">
    <subfield code="a">B-168941</subfield>
  </datafield>
  <datafield tag="020" ind1=" " ind2=" ">
    <subfield code="c">150.00</subfield>
  </datafield>
  <datafield tag="035" ind1=" " ind2=" ">
    <subfield code="a">B-168941</subfield>
  </datafield>
  <datafield tag="037" ind1=" " ind2=" ">
    <subfield code="b">Cen Lib/Ret</subfield>
  </datafield>
  <datafield tag="040" ind1=" " ind2=" ">
    <subfield code="a">DPL</subfield>
    <subfield code="b">HN</subfield>
  </datafield>
  <datafield tag="082" ind1=" " ind2=" ">
    <subfield code="a">640.4</subfield>
    <subfield code="b">&#x936;&#x930;&#x94D;&#x92E;&#x93E;&#x915; </subfield>
  </datafield>
  <datafield tag="100" ind1=" " ind2=" ">
    <subfield code="a">&#x936;&#x930;&#x94D;&#x92E;&#x93E;, &#x915;&#x930;&#x94D;&#x92E;&#x91A;&#x902;&#x926;</subfield>
    <subfield code="9">89347</subfield>
  </datafield>
  <datafield tag="245" ind1=" " ind2=" ">
    <subfield code="a">&#x938;&#x94D;&#x935;&#x92F;&#x902; &#x905;&#x92A;&#x928;&#x93E;&#x90F;&#x902; &#x924;&#x925;&#x93E; &#x914;&#x930;&#x94B;&#x902; &#x915;&#x94B; &#x92D;&#x940; &#x92C;&#x924;&#x93E;&#x90F;&#x902; /</subfield>
    <subfield code="c">&#x915;&#x930;&#x94D;&#x92E;&#x91A;&#x902;&#x926; &#x936;&#x930;&#x94D;&#x92E;&#x93E; </subfield>
  </datafield>
  <datafield tag="246" ind1=" " ind2=" ">
    <subfield code="a">Sawam apnane tatha auron ko bhi batayen /</subfield>
    <subfield code="b">by Karamchand Sharma </subfield>
  </datafield>
  <datafield tag="260" ind1=" " ind2=" ">
    <subfield code="a">&#x926;&#x93F;&#x932;&#x94D;&#x932;&#x940; </subfield>
    <subfield code="b">&#x939;&#x93F;&#x92E;&#x93E;&#x91A;&#x932; &#x92C;&#x941;&#x915;&#x94D;&#x938; </subfield>
    <subfield code="c">2005 </subfield>
  </datafield>
  <datafield tag="270" ind1=" " ind2=" ">
    <subfield code="b"> &#x926;&#x93F;&#x932;&#x94D;&#x932;&#x940; </subfield>
    <subfield code="a">&#x908;,1/267, &#x938;&#x94B;&#x928;&#x93F;&#x92F;&#x93E; &#x935;&#x93F;&#x939;&#x93E;&#x930; </subfield>
    <subfield code="e">110094 </subfield>
  </datafield>
  <datafield tag="300" ind1=" " ind2=" ">
    <subfield code="a">88&#x92A;&#x943;. :</subfield>
    <subfield code="c">20&#x938;&#x947;&#x92E;&#x940;(&#x938;&#x91C;&#x93F;&#x932;&#x94D;&#x926;)</subfield>
    <subfield code="b">&#x938;&#x91A;&#x93F;&#x924;&#x94D;&#x930; </subfield>
  </datafield>
  <datafield tag="650" ind1=" " ind2=" ">
    <subfield code="a">&#x917;&#x943;&#x939; &#x935;&#x93F;&#x91C;&#x94D;&#x91E;&#x93E;&#x928; </subfield>
    <subfield code="9">4735</subfield>
  </datafield>
  <datafield tag="650" ind1=" " ind2=" ">
    <subfield code="a">home Science</subfield>
    <subfield code="9">89348</subfield>
  </datafield>
  <datafield tag="942" ind1=" " ind2=" ">
    <subfield code="2">ddc</subfield>
    <subfield code="c">HN</subfield>
    <subfield code="h">640.4</subfield>
    <subfield code="m">&#x936;&#x930;&#x94D;&#x92E;&#x93E;&#x915; </subfield>
  </datafield>
  <datafield tag="999" ind1=" " ind2=" ">
    <subfield code="c">120252</subfield>
    <subfield code="d">120252</subfield>
  </datafield>
  <datafield tag="952" ind1=" " ind2=" ">
    <subfield code="0">0</subfield>
    <subfield code="1">0</subfield>
    <subfield code="4">0</subfield>
    <subfield code="7">0</subfield>
    <subfield code="a">L</subfield>
    <subfield code="b">L</subfield>
    <subfield code="d">2015-09-21</subfield>
    <subfield code="e">Cen Lib/Ref</subfield>
    <subfield code="g">150.00</subfield>
    <subfield code="l">0</subfield>
    <subfield code="o">640.4 &#x936;&#x930;&#x94D;&#x92E;&#x93E;&#x915;</subfield>
    <subfield code="p">B-168941</subfield>
    <subfield code="r">2015-09-21 00:00:00</subfield>
    <subfield code="t">1</subfield>
    <subfield code="v">150.00</subfield>
    <subfield code="w">2015-09-21</subfield>
    <subfield code="y">HN</subfield>
  </datafield>
  <datafield tag="952" ind1=" " ind2=" ">
    <subfield code="0">0</subfield>
    <subfield code="1">0</subfield>
    <subfield code="2">ddc</subfield>
    <subfield code="4">0</subfield>
    <subfield code="7">0</subfield>
    <subfield code="a">L</subfield>
    <subfield code="b">L</subfield>
    <subfield code="d">2016-10-31</subfield>
    <subfield code="g">150.00</subfield>
    <subfield code="l">0</subfield>
    <subfield code="o">640.4 &#x936;&#x930;&#x94D;&#x92E;&#x93E;&#x915;</subfield>
    <subfield code="p">B-168942</subfield>
    <subfield code="r">2016-10-31 00:00:00</subfield>
    <subfield code="t">2</subfield>
    <subfield code="v">150.00</subfield>
    <subfield code="w">2016-10-31</subfield>
    <subfield code="y">HN</subfield>
  </datafield>
</record>
